| 000 | 00000nam 2200000zi 4500 |
| 001 | 9.941005 |
| 003 | CaOODSP |
| 005 | 20240725164351 |
| 006 | m o d f |
| 007 | cr |n||||||||| |
| 008 | 240724s1984 abcad ob f000 0 eng d |
| 040 | |aCaOODSP|beng|erda|cCaOODSP |
| 043 | |an-cn-ab |
| 086 | 1 |aDR52-6/33-1984E-PDF |
| 100 | 1 |aMcFee, John Elton, |eauthor. |
| 245 | 10|aMK 1 DREStector - an experimental prototype magnetometer for detection of structural steel in concrete (U) / |cby J.E. McFee, M. Bell and G. Briosi. |
| 246 | 33|aMK1 DREStector - an experimental magnetometer for detection of structural steel in concrete (U) |
| 264 | 1|aRalston, Alberta : |bDefence Research Establishment Suffield : |b[National Defence = Défense nationale], |c[1984] |
| 300 | |a1 online resource (vi, 14 pages, 9 unnumbered pages) : |billustrations, charts |
| 336 | |atext|btxt|2rdacontent |
| 337 | |acomputer|bc|2rdamedia |
| 338 | |aonline resource|bcr|2rdacarrier |
| 490 | 1 |aSuffield memorandum ; |vno. 1129 |
| 500 | |a"PCN No. 27B10"--title page. |
| 500 | |a"August 1984"--cover page. |
| 500 | |aDigitized edition from print [produced by Defence Research and Development Canada]. |
| 504 | |aIncludes bibliographical references (page 14). |
| 520 | |a"An experimental prototype hand-held detector capable of detecting reinforcing rod and prestressing cable in concrete has been built. The prototype instrument, called MK 1 DREStector, has in preliminary tests consistantly detected vertical and horizontal number 4 reinforcing rod (approximately 12.7 mm diameter) buried at a nominal depth of 0.02 m beneath the surface of a vertical concrete wall. Based on measured sensitivity of the instrument, the MK 1 should be capable of detecting horizontal number 4 rod at a depth of 0.125 m. [...]"--Abstract (page ii). |
| 650 | 0|aMagnetometers|zCanada|xDesign and construction. |
| 650 | 0|aSteel, Structural. |
| 650 | 6|aMagnétomètres|zCanada|xConception et construction. |
| 650 | 6|aAcier de construction. |
| 655 | 7|aTechnical reports|2lcgft |
| 655 | 7|aRapports techniques|2rvmgf |
| 710 | 2 |aDefence Research Establishment Suffield, |eissuing body. |
| 710 | 1 |aCanada. |bDepartment of National Defence, |eissuing body. |
| 830 | #0|aSuffield memorandum ;|vno. 1129.|w(CaOODSP)9.926310 |
| 856 | 40|qPDF|s3.79 MB|uhttps://publications.gc.ca/collections/collection_2024/rddc-drdc/DR52-6-33-1984-eng.pdf |
| 986 | |aSM 1129 |